| 000 | 00747cam a22002533a 4500 | ||
|---|---|---|---|
| 001 | 21440 | ||
| 003 | BD-RjUL | ||
| 005 | 20211209000703.0 | ||
| 008 | 140304m19631951xx 000 0 eng d | ||
| 035 | _a( BD-RjUL)21504 | ||
| 040 |
_aEQO _cEQO _beng _d BD-RjUL |
||
| 041 | _aeng | ||
| 082 |
_a911 _bCOS |
||
| 100 | 1 |
_aCoysh, A. W. _q(Arthur Wilfred) _966246 |
|
| 245 | 1 | 4 |
_aThe Southern continents / _c A.W. Coysh and M.E. Tomlinson |
| 260 |
_aLondon : _bUniversity press, _c1963. |
||
| 300 |
_aviii, 348 p. ; _c19cm. |
||
| 490 | 1 |
_aModern geography series ; _vbook 6 |
|
| 650 |
_aSouthern Hemisphere. _959896 |
||
| 830 | 0 |
_vbook 6 _966257 |
|
| 700 | 1 |
_aTomlinson, M. E. _966248 |
|
| 830 | 0 |
_aModern geography series ; _966258 |
|
| 942 |
_2ddc _cBK |
||
| 999 |
_c21440 _d21440 |
||